Zhodnotenie finančnej situácie vybraného podniku z hľadiska ziskovosti bakalárska práca

Enregistré dans:
Détails bibliographiques
Auteur principal: Jakubjaková, Ivana
Collectivité auteur: Národohospodárska fakulta EU. Katedra financií
Autres auteurs: Jančovičová Bognárová, Kristína, 1979-
Format: Livre
Langue:slovaque
Publié: Bratislava 2019
Tags: Ajouter un tag
Pas de tags, Soyez le premier à ajouter un tag!

MARC

LEADER 00000nbm a2200000 4500
001 0256465
005 20191030125023.4
041 0 |a slo 
044 |a SK 
245 1 0 |a Zhodnotenie finančnej situácie vybraného podniku z hľadiska ziskovosti  |b bakalárska práca  |c Ivana Jakubjaková ; školiteľ: Kristína Jančovičová Bognárová 
264 1 |a Bratislava  |c 2019 
300 |a 44 s. 
100 1 |a Jakubjaková, Ivana 
700 1 |a Jančovičová Bognárová, Kristína, 1979- 
710 2 |a Národohospodárska fakulta EU. Katedra financií